000 00618nam a22001577a 4500
003 macl
005 20241018142843.0
008 241018b |||||||| |||| 00| 0 eng d
040 _cmacl
082 _a370
100 _aसिंह सुशील
_959457
245 _aप्राथमिक शिक्षक पात्रता परिक्षा (बाल विकास एवं शिक्षाशास्त्र )
260 _aनई दिल्ली
_bअरिहंत पब्लिकैशन
_c2024
650 _aसंस्कृत भाषा
_978698
942 _2ddc
_cC. BOOKS
999 _c67040
_d67040